Paroles Bruxelles-Boulevard des airs - Statistiques

Statistiques générales
  • Ce quiz a été pris 138 fois
  • Le résultat moyen est 252 sur 315
Statistiques - réponses
Paroles % Correct
je
100%
Je
100%
à
98%
A
98%
a
98%
Bruxelles
98%
tu
97%
Tu
97%
la
95%
Ce
94%
de
94%
Si
94%
te
94%
Toi
94%
toi
94%
es
92%
se
92%
au
90%
le
90%
reste
90%
qui
89%
Qui
89%
en
87%
rentres
87%
ceux
86%
et
86%
Et
86%
ici
86%
Mon
86%
mon
86%
on
86%
Que
86%
que
86%
encore
84%
mais
84%
suis
84%
celles
83%
ne
83%
pas
83%
un
83%
plan
81%
seule
81%
nous
79%
quelle
79%
une
79%
amour
78%
celui
78%
restent
78%
ça
76%
moi
76%
peine
76%
port
76%
pour
75%
sais
75%
ai
73%
connaissais
73%
j'étais
73%
Notre
73%
tes
73%
T'es
73%
aubaine
68%
délicieuse
68%
l'or
68%
part
68%
plantées
68%
qu'on
68%
vaudrait
68%
ton
67%
aventure
65%
J'aurais
65%
langue
65%
plus
65%
rencontrait
65%
fait
62%
mielleuse
62%
perdus
62%
rire
60%
serai
60%
facile
59%
Oh
59%
sur
59%
compliment
57%
devait
57%
fesses
57%
Il
57%
il
57%
insu
57%
jamais
57%
qu'avons
57%
rétine
56%
toile
56%
tout
56%
y
56%
du
54%
mille
54%
vu
54%
cadeau
52%
couleurs
52%
désormais
52%
docile
52%
fort
52%
quand
52%
saccage
51%
comme
49%
J'materais
49%
soit
49%
camping
48%
danses
48%
l'homme
48%
s'était
48%
c'est
46%
dernier
44%
même
44%
serais
44%
j'ignorais
43%
répugne
43%
tranquille
43%
bonheur
41%
imagine
41%
dripping
37%
Juste
37%
sans
35%
J'resterais
33%
Mondrian
33%
rient
33%
vergogne
22%
Jetée
19%
Aucun quiz correspondant
Distribution des résultats
% des personnes avec chaque résultat
Percentile par nombre de réponses
Votre historique - résultats
Vous n’avez pas pris ce quiz